000 00643nam a2200229Ia 4500
003 OSt
005 20221006164132.0
006 a|||||r|||| 00| 0
007 ta
008 221006b |||||||| |||| 00| 0 eng d
024 _a2,843
037 _cTextual
040 _aFML
_cFML
_beng
041 _2eng
_aeng
082 _aN4471, P4 -; 1
100 _aSenapati Rabindra Mohan Au.
_9676674
245 0 _aArt and Culture of Orissa
260 _aNew Delhi
_bPublication Division Govt. of India
_c2004
300 _a71
_ccm.
942 _hN4471, P4 -; 1
_cTEXL
_2CC
999 _c1116309
_d1116309